| 000 | 00663nam a22001937a 4500 | ||
|---|---|---|---|
| 999 |
_c166533 _d166533 |
||
| 005 | 20190726152002.0 | ||
| 010 | _aUR-10297 | ||
| 020 |
_c300.00 _a9789388356510 |
||
| 035 | _aU-8852 | ||
| 037 | _bDBAD/PUB | ||
| 082 | _a844.08 | ||
| 100 | _aقيا م نير | ||
| 245 |
_aتنقيد ی و تحقيقی نگا ہ _cقيا م نير |
||
| 246 |
_bTanqeedi wa Tehqeeqi Nigah (Urdu) _aby Dr.Qayam Naiyar |
||
| 260 |
_a Delhi _bEducational Publishing House _c2018 ء |
||
| 270 |
_a3191,Vakil Street,Kucha Pandit Lal Kuan, _bDelhi _e110006 _k23216162 _l0091-1123211540 |
||
| 300 |
_a176 ص _c22 Cm(Hb) |
||
| 942 |
_2ddc _cUR _h844.08 _mن ي ر |
||